000 00749nam a2200229 i 4500
001 61670
003 ES-MaACL
005 20230906164522.0
007 t|
008 031113s1972 sp ||||1| spa d
245 0 3 _aLa fábula a través del tiempo
_b: de Esopo a Andrés Bello /
_cselección, introducción y notas bibliográficas de V. Méndez, L Sánchez y E. Inglada.
260 _aBarcelona :
_bRamón Sopena,
_c[1972]
300 _a542 p. :
_bil. ;
_c22 cm.
490 1 _aBiblioteca Hispania
650 4 _aFábulas.
_9136149
700 1 _aMéndez, V.
_980135
700 1 _aSánchez, L.
_9102394
700 1 _aInglada, E.
_965291
830 0 _aBiblioteca Hispania
_9182087
852 _aES-MaACL
_jC-54759
_bR.87516
999 _c61670
_d61670